000 00815nam a2200241Ia 4500
003 OSt
005 20220923221801.0
006 a|||||r|||| 00| 0
007 ta
008 220922b |||||||| |||| 00| 0 hin d
024 _a200,026
037 _cTextual
040 _aARTS
_cARTS
_bhin
041 _2hin
_ahin
082 _aQ29N, 152L4
100 _aमाथुर, आगम प्रसाद
245 0 _aराधास्वामी मत ऐतिहासिक अध्ययन
246 _aRādhāswāmī mat aitihāsik adhyayana
260 _aदिल्ली
_b विकास पब्लिशिंग हाउस
_c1974
300 _a150पृ.
_ccm.
942 _hQ29N, 152L4
_cTEXL
_2CC
999 _c351728
_d351728